000
00280nam a2200109Ia 4500
008
190912s9999||||xx |||||||||||||| ||und||
100
_a
Kareem Baksh Khalid
245
0
_a
Sindh Sobai league conference
260
_a
Karachi
_b
Quaid-e-Azam Academy
_c
1998
300
_a
2019
942
_c
BK
999
_c
7383
_d
7383